000 01580nam2a22002411 4500
001 rc\1030236
005 20250622104714.0
035 _a(NLR Aleph) 006248437
090 _a6729859
_c6729859
100 _a20041129d1981 |||y0rusy50 ca
101 0 _arus
102 _aRU
105 _aa |||||||||
200 1 _aТеория строения органических соединений
210 _d1981 (вып. дан. 1982)
_aБ. м.
215 _a52 с.
_cил.
320 _aБиблиогр.: с. 51
461 0 _1001rc\1030235
_12001#$aТеоретические основы химии процессов переработки нефти и нефтехимического синтеза$e(Метод. разраб.)$fМ-во нефтеперераб. и нефтехим. пром-сти СССР, Ин-т повышения квалификации руководящих работников и специалистов, ИПКНефтехим$g[Сост. Серебрякова Т.В.]$vЧ. 1
_96729851
_cМ.
_d1981
_fМ-во нефтеперераб. и нефтехим. пром-сти СССР, Ин-т повышения квалификации руководящих работников и специалистов, ИПКНефтехим
_nБ. и.
_o(Метод. разраб.)
_tТеоретические основы химии процессов переработки нефти и нефтехимического синтеза
_vЧ. 1
801 0 _aRU
_bNLR
_gpsbo
801 1 _aRU
_bELAR
_2rusmarc
852 _aNLR
_j82-4/31820
942 _cBOOK
980 _aNB